00404nam a2200157Ia 4500008004100000020001500041041001200056082001600068100001600084245006500100250000800165260003700173300000900210650001200219700001500231221030s9999 xx 000 0 und d a997151155X aEnglish a105.23bHal aD. Halliday 0aPhysics Extended Version Vol. IIcby D. Halliday, R. Resnick a4th bJohn Wiley & SonsaSingaporec0 a1216 aPhysics aR. Resnick